000 00538nam a22001817a 4500
005 20240909083728.0
008 240909b |||||||| |||| 00| 0 eng d
020 _a96551224
041 _aEnglish
082 _a343.9 INT
100 _lEnglish
245 _aInternational Legal Principles of Carriage : By air and sea
250 _aRevised Edition
260 _aPretoria:
_bUniversity of South Africa,
_c1982
300 _bvi, 168 pages;
_c22 cm.
650 _aLegal practice
_bLaw
942 _cBK
_6ALISON_BN_VRIES
999 _c3021
_d3021